000 01102nam a22002777a 4500
003 dpl
005 20180705132058.0
008 180705b xxu||||| |||| 00| 0 eng d
010 _aB-069320
020 _c100.00
_a8186304010
035 _aB-069320, B-069324
037 _bCen Lib/Ret
040 _aDPL
_bHN
_c0
082 _a
_bशर्माया
100 _aशर्मा, यादवेन्द्र
_99690
245 _aएक कमरे की आत्मकथा /
_cयादवेन्द्र शर्मा
246 _aEk kamre ki aatmkatha /
_bby Yadvendra sharma
260 _aदिल्ली
_bभारत पुस्तक भण्डार
_c2002
270 _a343-ई, ब्लाक सोनिया विहार
_bदिल्ली
_e110094
300 _a104पृ.
_c21सेमी (सजिल्द)
650 _aहिन्दी साहित्य
_969927
650 _aउपन्यास
_969928
650 _aHindi literature
_969929
650 _aFiction
_98901
942 _2ddc
_cHN
_h
_mशर्माया
999 _c117074
_d117074